Tratado de derecho penal. parte general / Tomo III :

Guardado en:
Autor Principal: Zaffaroni, Eugenio Raúl
Formato: Libro
Idioma:Spanish
Publicado: Buenos Aires : Ediar, 1997
Materias:
Etiquetas: Agregar Etiqueta
Sin Etiquetas, Sea el primero en etiquetar este registro!
LEADER 00533nam a22001575a 4500
001 DER.der015547
008 251120s1997####ag#####|###|#|######spa||
005 20251120142602.0
245 1 0 |a Tratado de derecho penal.  |n Tomo III :  |b parte general /  |c Eugenio Raúl Zaffaroni. 
260 |a Buenos Aires :  |b Ediar,  |c 1997 
300 |a 557 p. 
500 |a Segunda parte. Título I: la teoría del delito. 
020 |a 9505740565 
100 1 |a Zaffaroni, Eugenio Raúl 
650 7 |a DERECHO PENAL 
859 |a DERECHO  |b BIB. DERECHO  |h 345  |i ZAF  |p 008765  |v III  |3 Tomo III